Normal view MARC view
  • Poling, Sheila R

Entry Personal Name

Number of records used in: 1

001 - CONTROL NUMBER

  • control field: 86044

003 - CONTROL NUMBER IDENTIFIER

  • control field: NUST

005 - DATE AND TIME OF LATEST TRANSACTION

  • control field: 20211208113220.0

008 - FIXED-LENGTH DATA ELEMENTS

  • fixed length control field: 211208|| aca||aabn | a|a d

040 ## - CATALOGING SOURCE

  • Original cataloging agency: NUST
  • Transcribing agency: NUST

100 ## - HEADING--PERSONAL NAME

  • Personal name: Poling, Sheila R

670 ## - SOURCE DATA FOUND

  • Source citation: Work cat.: (NUST)31559: Nash, Mark A., 1959- 35848, Using lean for faster six sigma results :, c2006.
© 2023 Central Library, National University of Sciences and Technology. All Rights Reserved.